Borland Jbuilder (Registro nro. 3449)

Detalles MARC
000 -CABECERA
Campo de control 00569nam a2200217 a 4500
005 - FECHA Y HORA DE LA ULTIMA TRANSACCION
Campo de control 20200522103334.0
008 - ELEMENTOS DE LONGITUD FIJA—INFORMACION GENERAL
Campo de control 140311b1999 cau||||| |||| 00| 0 eng d
040 ## - FUENTE DE CATALOGACIÓN
Agencia catalogadora original CO-BoIAVH
Agencia transcriptora CO-BoIAVH
041 ## - IDIOMA
Código de idioma para texto/pista de sonido o título separado Inglés
044 ## - PAÍS DE PUBLICACIÓN
País de publicación Estados Unidos
082 ## - NUMERO DE CLASIFICACION DECIMAL DEWEY
Número de clasificación 005.133
090 ## - CLASIFICACIÓN LOCAL
Colección LB
Consecutivo 03248
110 ## - ASIENTO PRINCIPAL--NOMBRE CORPORATIVO
Nombre corporativo o de jurisdicción como elemento de entrada Estados Unidos
Unidad subordinad Inprise Corporation
245 ## - MENCION DE TITULO
Título Borland Jbuilder
260 ## - PUBLICACION, DISTRIBUCION, ETC. (PIE DE IMPRENTA)
Lugar de publicación, distribución, etc. Scotts Valley
Nombre del editor, distribuidor, etc. Inprise Corporation
Fecha de publicación, distribución, etc. 1999
300 ## - DESCRIPCION FISICA
Extensión .p
650 #0 - ASIENTO SECUNDARIO DE MATERIA - TERMINO TEMATICO
Término temático o nombre geográfico como elemento de entrada Lenguaje de programación
650 #0 - ASIENTO SECUNDARIO DE MATERIA - TERMINO TEMATICO
Término temático o nombre geográfico como elemento de entrada Informática
942 ## - ELEMENTOS ADICIONALES (KOHA)
Tipo de ítem Libro
Sistema de clasificación Local
945 ## - PROCESAMIENTO LOCAL
AAAA-MM-DD - Fecha de ingreso o modificacion 2003-10-08
Existencias
Withdrawn status Lost status Sistema de Clasificación Damaged status No para préstamo Colección Ubicación Permanente Ubicación actual Fecha de adquisición Total Checkouts Número topográfico Inventario / Código de Barras Date last seen Ejemplar Price effective from Tipo de material
    Local     General Villa de Leyva Villa de Leyva 04/12/2012   LB-03248 014807 04/12/2012 V. 1 Ej. 1 04/12/2012 Libro
    Local     General Villa de Leyva Villa de Leyva 04/12/2012   LB-03248 014806 04/12/2012 V. 2 Ej. 1 04/12/2012 Libro